000 00810nam a2200277 a 4500
001 67220
003 BD-RjUL
005 20211209081628.0
008 170323s1984 caua b 001 0 eng
020 _a0874845777 (pbk.)
035 _a(BD-RjUL)67351
040 _aDLC
_cDLC
_beng
041 _aeng
082 0 0 _a305.24
_223
_bSTA 1984
100 2 _aStevens-Long, Judith.
_9199134
245 1 0 _aAdult life :
_bdevelopmental processes /
_cJudith Stevens-Long.
250 _a2nd ed.
260 _aPalo Alto, Calif. :
_bMayfield Pub. Co.,
_cc1984.
300 _axv, 636 p. :
_bill. ;
_c23 cm.
500 _aIncludes indexes.
504 _aBibliography: p. 581-621.
650 0 _aAdulthood.
_9199135
650 0 _aLife cycle, Human.
_9199136
650 0 _aMaturation (Psychology)
_9199137
942 _2ddc
_cBK
999 _c67220
_d67220